| 000 | 00624nam a2200205 u 4500 | ||
|---|---|---|---|
| 005 | 20240228064256.0 | ||
| 008 | 170127s2007 r 000 0 eng d | ||
| 020 | _a1404268618 | ||
| 035 | _aUPN01000215635 | ||
| 049 | _aI | ||
| 050 | 4 |
_aPZ7 _bM6.26 |
|
| 100 | 1 |
_aMoskal, Greg, _d1971- _940283 |
|
| 245 | 1 | 0 |
_aAyuda a la banda / _cGreg Moskal ; tr. José María Obregón. |
| 260 |
_aNew York : _bRosen Classroom Books & Materials, _c2007. |
||
| 300 |
_a12 p. : _bil. col. |
||
| 440 | 0 |
_aLecturas del barrio. _pCiencia ficción |
|
| 650 | 4 |
_aLibros y lectura para niños _92290 |
|
| 905 | _aInfantil | ||
| 999 |
_c187735 _d187735 |
||